Geometría ii /

Guardado en:
Autor Principal: Alcántara, Lidia E.
Formato: Libro
Publicado: Buenos Aires : Estrada, 1955
Materias:
Etiquetas: Agregar Etiqueta
Sin Etiquetas, Sea el primero en etiquetar este registro!
LEADER 00563nam a22001815a 4500
001 CEM.cems000411
005 20060210000000.0
008 130507s1955##################000#0#####d
003 CEMS
082 0 4 |a 513 
100 1 |a Alcántara, Lidia E. 
245 1 0 |a Geometría ii / 
260 |a Buenos Aires :  |b Estrada,  |c 1955 
300 |a 136 p. 
653 |a Matematica 
859 |a CEMS  |b BIB. CEMS - 11 de abril  |h 513  |i AL16/II  |p 2856.74  |t Ej.1 
859 |a CEMS  |b BIB. CEMS - 11 de abril  |h 513  |i AL16/II  |p 2900.74  |t Ej.2 
859 |a CEMS  |b BIB. CEMS - 11 de abril  |h 513  |i AL16/II  |p 3648.75  |t Ej.3